000 00584nam a2200205Ia 4500
003 GCL
008 140319s9999 xx 000 0 ara d
040 _aGCL /
_cGCL
082 0 4 _aق
_b962.06
_bم ض
100 1 _aمحمود فوزى
245 1 0 _aالضباط الاحرار يتحدثون /
_cمحمود فوزى
300 _a381 ص
490 _a
650 0 4 _aمصر
650 0 4 _aحرب فلسطين 1948
650 0 4 _aالضباط
650 0 4 _aجمال عبدالناصر
650 0 4 _aمصر - تاريخ - العصر الحديث - ثورة 1919
942 _2ddc
_cBK
999 _c39349
_d39349